000 00668nam a2200241 i 4500
001 C2-0134132
003 PPAK
005 20180727123725.0
008 971203s1966 enk |||| ||||| | eng d
040 _aPPAK
_beng
_cPPAK
_erda
082 0 4 _a433.21
_223
090 0 0 _a433.21
_bKLA
_dR
100 1 _aSmith, C.C.,
_eauthor
245 1 0 _aLangenscheidt's standard dictionary of the English and German languages
250 _a6th. ed.
264 1 _aKent :
_bHodder & Stoughton ,
_c1966
300 _a[various pages] ;
_c19 cm
336 _2rdacontent
_atext
337 _2rdamedia
_aunmediated
338 _2rdacarrier
_avolume
700 _eauthor
942 _ddc
_cB
999 _c42352
_d42352